| 000 | 00767cam a2200241 4500 | ||
|---|---|---|---|
| 001 | ABS66964 | ||
| 008 | 030820n2003 000 0 eng u | ||
| 035 | _a(Sirsi) u123307 | ||
| 245 | _aFocus 2003: Manchester update | ||
| 260 | _c2003 | ||
| 490 |
_aEstates Gazette _v(0330) 26 July 2003, 109-121(7) |
||
| 590 | _aABS | ||
| 650 | _aMANCHESTER | ||
| 650 | _aGREATER MANCHESTER | ||
| 650 | _aPROPERTY-COMMERCIAL PROPERTY-RETAIL PROPERTY-RETAIL PROPERTY MARKET | ||
| 650 | _aPROPERTY-COMMERCIAL PROPERTY-OFFICE PROPERTY-OFFICE PROPERTY MARKET | ||
| 650 | _aINDUSTRIAL MARKET | ||
| 650 | _aCAREERS, EDUCATION AND TRAINING | ||
| 650 | _aTAKE UP | ||
| 650 | _aPRIME RENTS | ||
| 690 | _aPROPERTY-COMMERCIAL PROPERTY-COMMERCIAL PROPERTY MARKET | ||
| 942 | _n0 | ||
| 999 |
_c73244 _d73244 |
||